Statistics for DLR Stations

Click here to take the quiz!

General Stats

  • This quiz has been taken 4 times
    (3 since last reset)
  • The average score is 37 of 74

Answer Stats

RouteAnswer% Correct
Bank - LewishamBank Station
100%
Canary Wharf Station
100%
Limehouse Station
100%
Shadwell Station
100%
Westferry Station
100%
Abbey Road Station
50%
All Saints Station
50%
Bank - Woolwich ArsenalBank Station
50%
Beckton Park Station
50%
Beckton Station
50%
Blackwall Station
50%
Blackwall Station
50%
Bow Church Station
50%
Canary Wharf Station
50%
Canning Town Station
50%
Canning Town Station
50%
Canning Town Station
50%
Crossharbour Station
50%
Crossharbour Station
50%
Custom House Station
50%
Cutty Sark (for Maritime Greenwich) Station
50%
Cyprus Station
50%
Deptford Bridge Station
50%
Deptford Bridge Station
50%
Devons Road Station
50%
East India Station
50%
East India Station
50%
Elverson Road Station
50%
Elverson Station
50%
Gallions Reach Station
50%
Greenwich Station
50%
Greenwich Station
50%
Islands Gardens Station
50%
Islands Gardens Station
50%
King George V Station
50%
King George V Station
50%
Langdon Park Station
50%
Lewisham Station
50%
Lewisham Station
50%
Limehouse Station
50%
Limehouse Station
50%
London City Airport Station
50%
London City Airport Station
50%
Mudchute Station
50%
Mudchute Station
50%
Pontoon Dock Station
50%
Pontoon Station
50%
Poplar Station
50%
Poplar Station
50%
Prince Regent Station
50%
Pudding Mill Lane Station
50%
Royal Albert Station
50%
Shadwell Station
50%
Shadwell Station
50%
South Quay Station
50%
South Quay Station
50%
Star Lane Station
50%
Stratford International - Woolwich ArsenalStratford International Station
50%
Stratford - LewishamStratford Station
50%
Stratford Station
50%
Tower Gateway - BecktonTower Gateway Station
50%
Westferry Station
50%
Westferry Station
50%
West Ham Station
50%
West India Quay Station
50%
West Silvertown Station
50%
West Silvertown Station
50%
Woolwich Arsenal Station
50%
Woolwich Arsenal Station
50%
Cutty Cark (for Maritime Greenwich) Station
0%
Herons Quay Station
0%
Herons Quay Station
0%
Poplar Station
0%
Queen Victoria Station
0%

Score Distribution

Percentile by Number Answered

Percent of People with Each Score

Your Score History

You have not taken this quiz since the last reset